[Event "BL2 Sued 1718 (Women)"]
[Site "Germany"]
[Date "2018.01.27"]
[Round "4.4"]
[White "Dellert, Lena"]
[Black "Berger, Nadja"]
[Result "1-0"]
[WhiteElo "1851"]
[BlackElo "1813"]
[PlyCount "41"]
[EventDate "2017.10.14"]
[EventType "team-tourn"]
[EventRounds "7"]
[EventCountry "GER"]
[SourceTitle "EXT 2019"]
[Source "ChessBase"]
[SourceDate "2018.10.10"]
[SourceVersion "1"]
[SourceVersionDate "2018.10.10"]
[SourceQuality "1"]
[WhiteTeam "Wadgassen/Differten (W)"]
[BlackTeam "Forstenried (W)"]
[WhiteTeamCountry "GER"]
[BlackTeamCountry "GER"]

1. e4 Nc6 2. d4 d5 3. exd5 Qxd5 4. Nf3 Bf5 5. Nc3 Qe6+ 6. Be2 Nb4 7. 0-0 0-0-0 8. Bf4 a6 9. d5 Nxd5 10. Bc4 Ngf6 11. Re1 Qd7 12. Ne5 Nxc3 13. Qf3 Qa4 14. bxc3 e6 15. Bb3 Qe8 16. Rad1 c6 17. Ba4 Rd6 18. Nc4 Bg4 19. Qg3 Rd5 20. Nb6+ Kd8 21. Bc7+ 1-0

[Event "BL2 Sued 1718 (Women)"]
[Site "Germany"]
[Date "2017.10.14"]
[Round "1.4"]
[White "Riegel, Arinna"]
[Black "Berger, Nadja"]
[Result "1/2-1/2"]
[WhiteElo "1918"]
[BlackElo "1813"]
[PlyCount "62"]
[EventDate "2017.10.14"]
[EventType "team-tourn"]
[EventRounds "7"]
[EventCountry "GER"]
[SourceTitle "EXT 2019"]
[Source "ChessBase"]
[SourceDate "2018.10.10"]
[SourceVersion "1"]
[SourceVersionDate "2018.10.10"]
[SourceQuality "1"]
[WhiteTeam "Langen (W)"]
[BlackTeam "Forstenried (W)"]
[WhiteTeamCountry "GER"]
[BlackTeamCountry "GER"]

1. Nf3 c5 2. g3 Nc6 3. d4 cxd4 4. Nxd4 Nf6 5. Bg2 g6 6. 0-0 Bg7 7. Nc3 0-0 8. e4 Nxe4 9. Nxc6 Nxc3 10. Nxd8 Nxd1 11. Nxb7 Bxb7 12. Rxd1 Bxg2 13. Kxg2 Rfc8 14. Rxd7 Rxc2 15. Be3 Rxb2 16. Rad1 Bf6 17. Bh6 Rbb8 18. Rc7 a5 19. Rdd7 Be5 20. Ra7 Bd6 21. Bg5 Rxa7 22. Rxa7 f6 23. Be3 Bb4 24. Ra6 Rb5 25. Kf3 Kf7 26. Ke2 Rd5 27. Ra7 Ke6 28. Ra6+ Rd6 29. Ra7 Rd7 30. Ra6+ Rd6 31. Ra7 Rd7 1/2-1/2

[Event "GER-ch U25 op-A"]
[Site "Willingen"]
[Date "2015.05.30"]
[Round "9"]
[White "Longo, Claudio"]
[Black "Berger, Nadja"]
[Result "0-1"]
[WhiteElo "1781"]
[BlackElo "1900"]
[PlyCount "86"]
[EventDate "2015.05.24"]
[EventType "swiss"]
[EventRounds "9"]
[EventCountry "GER"]
[SourceTitle "CBM 166 Extra"]
[Source "ChessBase"]
[SourceDate "2015.06.18"]
[SourceVersion "1"]
[SourceVersionDate "2015.06.18"]
[SourceQuality "1"]

1. d4 d5 2. Bf4 Bf5 3. e3 Nf6 4. h3 Nbd7 5. Nf3 e6 6. Nbd2 c5 7. c3 Be7 8. Be2 h6 9. 0-0 0-0 10. Ne5 Nxe5 11. Bxe5 Nd7 12. Bh2 Rc8 13. Rc1 c4 14. Nf3 Qa5 15. a3 b5 16. Ne5 Qd8 17. Nxd7 Qxd7 18. Qd2 a5 19. Bd1 Qb7 20. Bc2 Bxc2 21. Qxc2 b4 22. axb4 axb4 23. Ra1 Ra8 24. Rfb1 Rxa1 25. Rxa1 Ra8 26. Qc1 b3 27. Rb1 Ra2 28. Bg3 Ba3 29. bxa3 b2 30. Qc2 Ra1 31. Kh2 Rxb1 32. Qxb1 Qb3 33. e4 dxe4 34. Bf4 Qxa3 35. Qxe4 Qa2 36. Qc6 b1Q 37. Qe8+ Kh7 38. Bxh6 Kxh6 39. Qxf7 Qg6 40. Qf4+ Qg5 41. Qf8 Qc2 42. Qh8+ Qh7 43. Qe8 Qf4+ 0-1

[Event "GER-ch U25 op-A"]
[Site "Willingen"]
[Date "2015.05.24"]
[Round "2"]
[White "Berger, Nadja"]
[Black "Heldt, Nils Lennart"]
[Result "1/2-1/2"]
[WhiteElo "1900"]
[BlackElo "1763"]
[PlyCount "62"]
[EventDate "2015.05.24"]
[EventType "swiss"]
[EventRounds "9"]
[EventCountry "GER"]
[SourceTitle "CBM 166 Extra"]
[Source "ChessBase"]
[SourceDate "2015.06.18"]
[SourceVersion "1"]
[SourceVersionDate "2015.06.18"]
[SourceQuality "1"]

1. c4 c6 2. g3 d5 3. Nf3 Nf6 4. Bg2 e6 5. b3 Be7 6. 0-0 0-0 7. Bb2 a5 8. d3 Nbd7 9. Nbd2 Nb6 10. Qc2 c5 11. e4 d4 12. e5 Ng4 13. Rfe1 Qc7 14. h3 Nh6 15. Bc1 Nd7 16. Nf1 Nf5 17. Bf4 Rb8 18. N1d2 h6 19. h4 b6 20. Ne4 Bb7 21. Qe2 Rfd8 22. Bh3 Qc6 23. Bg2 Qc7 24. Ned2 Nf8 25. Bh3 Ng6 26. Ne4 Nxf4 27. gxf4 Qc6 28. Kh2 Kh8 29. Rg1 Rg8 30. h5 Qe8 31. Rg2 Rd8 1/2-1/2

[Event "GER-ch U25 op-A"]
[Site "Willingen"]
[Date "2015.05.24"]
[Round "1"]
[White "Schimnatkowski, Lukas"]
[Black "Berger, Nadja"]
[Result "1/2-1/2"]
[WhiteElo "1627"]
[BlackElo "1900"]
[PlyCount "140"]
[EventDate "2015.05.24"]
[EventType "swiss"]
[EventRounds "9"]
[EventCountry "GER"]
[SourceTitle "CBM 166 Extra"]
[Source "ChessBase"]
[SourceDate "2015.06.18"]
[SourceVersion "1"]
[SourceVersionDate "2015.06.18"]
[SourceQuality "1"]

1. e4 c5 2. Nf3 Nc6 3. d3 g6 4. g3 Bg7 5. Bg2 d6 6. 0-0 Nf6 7. a4 0-0 8. Na3 Rb8 9. Nc4 Be6 10. Ne3 h6 11. Nd2 Qc8 12. f4 Ng4 13. Ndc4 Nxe3 14. Nxe3 Nd4 15. c3 Nb3 16. Ra3 Nxc1 17. Qxc1 b5 18. axb5 Rxb5 19. f5 Bd7 20. Nd5 Re8 21. fxg6 fxg6 22. Rxa7 Rb7 23. Rxb7 Qxb7 24. Qd2 Kh7 25. Kh1 Bc6 26. Ne3 Rb8 27. Rb1 Qb3 28. Nd1 Ba4 29. Bf3 Qa2 30. Rc1 Bxd1 31. Bxd1 Rxb2 32. Rc2 Qf7 33. Kg2 Rb8 34. Qf4 Qb3 35. Rc1 Qa2+ 36. Qf2 Qa3 37. Rc2 Rf8 38. Qd2 Qa8 39. Ra2 Qc6 40. Bb3 Qb7 41. Bc4 Qb1 42. Qe2 Bxc3 43. Ra7 Bf6 44. Qf2 Qd1 45. Qf1 Qh5 46. Qf3 Qe5 47. Qf4 Qb2+ 48. Qf2 Qb6 49. Ra6 Qb7 50. Qa2 Qb4 51. Ra8 Rb8 52. Rxb8 Qxb8 53. Qb3 Qxb3 54. Bxb3 Kg7 55. Kf3 Be5 56. h3 Kf6 57. g4 g5 58. Ke2 Bf4 59. Kf3 Ke5 60. Ke2 e6 61. Ba2 d5 62. exd5 exd5 63. Bb1 Kd4 64. Ba2 c4 65. dxc4 dxc4 66. Bb1 c3 67. Bf5 Bd2 68. Bh7 Ke5 69. Kf3 Bc1 70. Bg6 Kd4 1/2-1/2

[Event "Regionalliga NW 1415"]
[Site "Bayern"]
[Date "2015.03.15"]
[Round "8.3"]
[White "Berger, Nadja"]
[Black "Hoermann, Fabian"]
[Result "1/2-1/2"]
[WhiteElo "1887"]
[BlackElo "2040"]
[PlyCount "111"]
[EventDate "2014.10.19"]
[EventType "team-tourn"]
[EventRounds "9"]
[EventCountry "GER"]
[SourceTitle "EXT 2018"]
[Source "ChessBase"]
[SourceDate "2017.10.13"]
[SourceVersion "1"]
[SourceVersionDate "2017.10.13"]
[SourceQuality "1"]
[WhiteTeam "Aschaffenburg Schweinheim"]
[BlackTeam "Kronach"]
[WhiteTeamCountry "GER"]
[BlackTeamCountry "GER"]

1. c4 e5 2. Nc3 Nf6 3. g3 d5 4. cxd5 Nxd5 5. Bg2 Nb6 6. Nf3 Nc6 7. d3 Be7 8. 0-0 0-0 9. Nd2 Be6 10. Nb3 f5 11. Be3 Nd5 12. Bc5 Nxc3 13. bxc3 Bd5 14. Bxe7 Nxe7 15. Bxd5+ Qxd5 16. Nd2 b6 17. Qb3 Rad8 18. Nc4 Kh8 19. Ne3 Qd7 20. Qc4 f4 21. Ng2 Rf6 22. Qe4 Rh6 23. Nh4 Ng6 24. Nxg6+ hxg6 25. Qg2 g5 26. Rfd1 Qe6 27. Kf1 g4 28. d4 exd4 29. Rxd4 Rxd4 30. cxd4 f3 31. exf3 Qc4+ 32. Kg1 Qc3 33. Rd1 gxf3 34. Qf1 Qc2 35. Qd3 Qe2 36. Qxe2 fxe2 37. Re1 Rd6 38. Rxe2 Rxd4 39. Kf1 c5 40. Re7 Ra4 41. Re2 Kg8 42. Rc2 Kf7 43. h4 Kf6 44. Ke2 Ke5 45. Kd3 Kd5 46. f3 Ra3+ 47. Ke2 c4 48. g4 b5 49. h5 Ke5 50. Rd2 b4 51. g5 b3 52. h6 gxh6 53. gxh6 Kf6 54. axb3 cxb3 55. Kd3 Ra2 56. Rd1 1/2-1/2

[Event "GER-chT Lands U20"]
[Site "Hannover"]
[Date "2013.10.06"]
[Round "7.5"]
[White "Fluechter, Gregor"]
[Black "Berger, Nadja"]
[Result "1-0"]
[WhiteElo "1996"]
[BlackElo "1847"]
[PlyCount "73"]
[EventDate "2013.10.02"]
[EventType "team-swiss"]
[EventRounds "7"]
[EventCountry "GER"]
[SourceTitle "EXT 2014"]
[Source "ChessBase"]
[SourceDate "2013.11.20"]
[SourceVersion "1"]
[SourceVersionDate "2013.11.20"]
[SourceQuality "1"]
[WhiteTeam "Nordrhein Westfalen"]
[BlackTeam "Bayern"]
[WhiteTeamCountry "GER"]
[BlackTeamCountry "GER"]

1. e4 e6 2. d4 d5 3. exd5 exd5 4. Nf3 Nc6 5. Bb5 Bd6 6. 0-0 Nge7 7. c4 dxc4 8. Bxc4 Bf5 9. Nc3 a6 10. Re1 Qd7 11. a3 f6 12. Nh4 Bg6 13. Be6 Qd8 14. Nxg6 hxg6 15. g3 Kf8 16. Qg4 Qe8 17. Ba2 Qc8 18. Be6 Qe8 19. Be3 Nd8 20. Ba2 Qc6 21. Rac1 Qe8 22. Bf4 Bxf4 23. Qxf4 Qd7 24. Ne4 Nd5 25. Bxd5 Qxd5 26. Qxc7 Ne6 27. Qd6+ Qxd6 28. Nxd6 Nxd4 29. Kg2 Rh5 30. Nxb7 Rb5 31. Rc7 Rxb2 32. Nc5 Nb5 33. Ne6+ Kg8 34. Rxg7+ Kh8 35. Rxg6 f5 36. Ng5 Nxa3 37. Re7 1-0

[Event "GER-chT Lands U20"]
[Site "Hannover"]
[Date "2013.10.04"]
[Round "4.5"]
[White "Berger, Nadja"]
[Black "Carow, Annelen"]
[Result "0-1"]
[WhiteElo "1847"]
[BlackElo "2037"]
[PlyCount "116"]
[EventDate "2013.10.02"]
[EventType "team-swiss"]
[EventRounds "7"]
[EventCountry "GER"]
[SourceTitle "EXT 2014"]
[Source "ChessBase"]
[SourceDate "2013.11.20"]
[SourceVersion "1"]
[SourceVersionDate "2013.11.20"]
[SourceQuality "1"]
[WhiteTeam "Bayern"]
[BlackTeam "Rheinland Pfalz"]
[WhiteTeamCountry "GER"]
[BlackTeamCountry "GER"]

1. e4 c5 2. Nf3 e6 3. d4 cxd4 4. Nxd4 a6 5. Nc3 Qc7 6. Bd3 Nf6 7. 0-0 Bc5 8. Nb3 Be7 9. Kh1 d6 10. f4 Nc6 11. Bd2 b5 12. Qe2 Bb7 13. Rae1 b4 14. Nd1 Nd7 15. Nf2 a5 16. Be3 Bf6 17. Bc1 a4 18. Nd2 0-0 19. Nf3 a3 20. b3 Rfe8 21. Ng4 Be7 22. e5 Nc5 23. Qf2 Rad8 24. Qg3 Kh8 25. exd6 Rxd6 26. Nge5 Nxe5 27. fxe5 Rd7 28. Bb5 Bc6 29. Bxc6 Qxc6 30. Bg5 Ne4 31. Qh4 Nxg5 32. Nxg5 Bxg5 33. Qxg5 Qxc2 34. Ra1 Qg6 35. Qf4 Rb8 36. Rac1 h6 37. h3 Rbb7 38. Rc8+ Kh7 39. Rfc1 Qg5 40. Qe4+ Qf5 41. Qe3 Rb5 42. R8c5 Rd3 43. Qe1 Rb7 44. R5c2 Rbd7 45. Qe2 R7d5 46. Re1 Rc3 47. Rd2 Rcc5 48. Rxd5 Rxd5 49. Kg1 Qf4 50. Qc2+ g6 51. Rf1 Qe3+ 52. Kh1 Rd7 53. Qc4 Qc3 54. Qb5 Rc7 55. Qe2 Kg7 56. Qe4 Qd2 57. Qf3 Qg5 58. Qe4 Rc1 0-1

[Event "GER-chT Lands U20"]
[Site "Hannover"]
[Date "2013.10.03"]
[Round "3.5"]
[White "Bruns, Kai Christian"]
[Black "Berger, Nadja"]
[Result "0-1"]
[WhiteElo "1974"]
[BlackElo "1847"]
[PlyCount "72"]
[EventDate "2013.10.02"]
[EventType "team-swiss"]
[EventRounds "7"]
[EventCountry "GER"]
[SourceTitle "EXT 2014"]
[Source "ChessBase"]
[SourceDate "2013.11.20"]
[SourceVersion "1"]
[SourceVersionDate "2013.11.20"]
[SourceQuality "1"]
[WhiteTeam "Niedersachsen"]
[BlackTeam "Bayern"]
[WhiteTeamCountry "GER"]
[BlackTeamCountry "GER"]

1. Nf3 c5 2. g3 Nc6 3. d4 cxd4 4. Nxd4 Nf6 5. Bg2 g6 6. Nc3 Bg7 7. Nb3 d6 8. Be3 Bd7 9. Qc1 Ng4 10. Bd2 Qc8 11. 0-0 h5 12. Ne4 h4 13. Bf4 Nge5 14. gxh4 Bh3 15. Bg3 Bxg2 16. Kxg2 Qf5 17. Ng5 Bh6 18. f3 f6 19. f4 fxg5 20. hxg5 Bg7 21. fxe5 Qh3+ 22. Kg1 Bxe5 23. Bxe5 Nxe5 24. Qf4 Rh4 25. Qf2 Kd7 26. Rad1 Rg4+ 27. Kh1 Rf8 28. Nc5+ Kc6 29. Nd3 Rxf2 30. Nxe5+ dxe5 31. Rxf2 Qe3 32. Rf3 Qxe2 33. Rc3+ Rc4 34. Rxc4+ Qxc4 35. Rd3 Qxa2 36. Rc3+ Kd6 0-1

[Event "Wch U16 Girls"]
[Site "Maribor"]
[Date "2012.11.18"]
[Round "11.28"]
[White "Tomin, Ksenija"]
[Black "Berger, Nadja"]
[Result "1-0"]
[WhiteElo "1951"]
[BlackElo "1768"]
[PlyCount "57"]
[EventDate "2012.11.08"]
[EventType "swiss"]
[EventRounds "11"]
[EventCountry "SLO"]
[SourceTitle "EXT 2013"]
[Source "ChessBase"]
[SourceDate "2012.11.22"]
[SourceVersion "1"]
[SourceVersionDate "2012.11.22"]
[SourceQuality "1"]

1. e4 c6 2. d4 d5 3. Nc3 dxe4 4. Nxe4 Nf6 5. Nxf6+ gxf6 6. g3 Na6 7. Bg2 Bf5 8. c3 Nc7 9. Ne2 Qd7 10. 0-0 b5 11. a4 Bh3 12. Bxh3 Qxh3 13. Nf4 Qd7 14. axb5 cxb5 15. Re1 Bh6 16. Nh5 0-0-0 17. Bxh6 a6 18. Nf4 Rhg8 19. Nd3 Rg6 20. Bf4 e5 21. Bxe5 fxe5 22. Nxe5 Qf5 23. Nxg6 fxg6 24. Re5 Qf6 25. Qe2 h5 26. b3 Qc6 27. Rc5 Qd6 28. Qe4 Rf8 29. Rc6 1-0

[Event "Wch U16 Girls"]
[Site "Maribor"]
[Date "2012.11.12"]
[Round "6.26"]
[White "Berger, Nadja"]
[Black "Movileanu, Daniela"]
[Result "1/2-1/2"]
[WhiteElo "1768"]
[BlackElo "2029"]
[PlyCount "96"]
[EventDate "2012.11.08"]
[EventType "swiss"]
[EventRounds "11"]
[EventCountry "SLO"]
[SourceTitle "EXT 2013"]
[Source "ChessBase"]
[SourceDate "2012.11.22"]
[SourceVersion "1"]
[SourceVersionDate "2012.11.22"]
[SourceQuality "1"]

1. e4 c5 2. Nf3 g6 3. c3 Bg7 4. d4 cxd4 5. cxd4 d5 6. Bb5+ Bd7 7. Bxd7+ Qxd7 8. e5 Nc6 9. 0-0 Nh6 10. Nc3 0-0 11. Bf4 f6 12. Re1 fxe5 13. Nxe5 Nxe5 14. Bxe5 Bxe5 15. Rxe5 e6 16. Qe2 Nf5 17. Qg4 Rac8 18. Rae1 Rf6 19. Qg5 Qf7 20. Qd2 Nd6 21. R5e2 Nf5 22. Re5 Rc4 23. Ne2 Ng7 24. f3 Nf5 25. b3 Rc8 26. Kh1 Ng7 27. Qa5 b6 28. Qd2 Nf5 29. Nf4 Ng7 30. Nh3 Qd7 31. Nf4 Rc6 32. Nd3 Rf8 33. Nb4 Rc7 34. Nd3 Qd6 35. Nf4 Rf6 36. Nh3 Qc6 37. Qg5 Rf8 38. Qg4 Rf5 39. R5e2 Rcf7 40. Ng5 R7f6 41. Qh4 h5 42. g4 Rf4 43. Qg3 Qc3 44. Nxe6 Qxf3+ 45. Qxf3 Rxf3 46. Nxg7 Kxg7 47. gxh5 gxh5 48. Re7+ Kh6 1/2-1/2

[Event "GER-chT Lands U20"]
[Site "Hannover"]
[Date "2012.09.30"]
[Round "2.7"]
[White "Berger, Nadja"]
[Black "Gassmann, Linda"]
[Result "1/2-1/2"]
[WhiteElo "1899"]
[BlackElo "1630"]
[PlyCount "90"]
[EventDate "2012.09.29"]
[EventType "team-swiss"]
[EventRounds "7"]
[EventCountry "GER"]
[SourceTitle "CBM 150 Extra"]
[Source "ChessBase"]
[SourceDate "2012.10.19"]
[SourceVersion "1"]
[SourceVersionDate "2012.10.19"]
[SourceQuality "1"]
[WhiteTeam "Bayern"]
[BlackTeam "Wuerttemberg"]
[WhiteTeamCountry "GER"]
[BlackTeamCountry "GER"]

1. e4 e5 2. Bc4 Nc6 3. Nf3 Be7 4. d3 Nf6 5. Bb3 d6 6. c3 0-0 7. Nbd2 d5 8. Qe2 dxe4 9. dxe4 Nd7 10. Nc4 Bf6 11. 0-0 Nc5 12. Bc2 a6 13. Ne3 Be6 14. Rd1 Qc8 15. Nd5 Bd8 16. Be3 Nd7 17. h3 f6 18. Bb3 Re8 19. Bc2 Ne7 20. Bb3 Ng6 21. Qc2 a5 22. Bc1 c6 23. Ne3 Nc5 24. Bxe6+ Qxe6 25. b4 axb4 26. cxb4 Na6 27. a3 Be7 28. Qc3 Nf4 29. Re1 Red8 30. Nf5 Nd3 31. Rd1 Nxc1 32. Raxc1 Rxd1+ 33. Rxd1 Rd8 34. Nxe7+ Qxe7 35. Qb3+ Kf8 36. Nh4 g6 37. Rd3 Nc7 38. Qc4 Rxd3 39. Qxd3 Ne6 40. Nf3 Ke8 41. g3 Qd7 42. Qb3 Ke7 43. Kg2 Qd6 44. Qe3 g5 45. Qb3 Kd7 1/2-1/2

[Event "GER-ch U16 Girls"]
[Site "Oberhof"]
[Date "2012.05.30"]
[Round "6"]
[White "Berger, Nadja"]
[Black "Diederichs, Luise"]
[Result "1/2-1/2"]
[WhiteElo "1837"]
[BlackElo "1834"]
[PlyCount "101"]
[EventDate "2012.05.27"]
[EventType "swiss"]
[EventRounds "9"]
[EventCountry "GER"]
[SourceTitle "CBM 148 Extra"]
[Source "ChessBase"]
[SourceDate "2012.06.22"]
[SourceVersion "1"]
[SourceVersionDate "2012.06.22"]
[SourceQuality "1"]

1. f4 g6 2. d4 Nf6 3. Nf3 Bg7 4. e3 d6 5. Bd3 c5 6. c3 cxd4 7. exd4 Nc6 8. 0-0 0-0 9. Qe2 Bg4 10. f5 Qd7 11. fxg6 fxg6 12. Nbd2 e5 13. dxe5 dxe5 14. h3 Bxf3 15. Nxf3 Nh5 16. Rd1 Qc7 17. Ng5 Nf4 18. Bxf4 Rxf4 19. Kh1 Qe7 20. Bc4+ Kh8 21. Ne6 Rf6 22. Nxg7 Qxg7 23. Bb5 Raf8 24. Bxc6 Rxc6 25. Rd5 Re6 26. Rad1 Re7 27. Rd8 h6 28. Qf2 Rxd8 29. Rxd8+ Kh7 30. Qxa7 e4 31. Qe3 Rf7 32. Rd1 Qe5 33. Kg1 Qe6 34. b3 Qf5 35. Re1 Re7 36. Qf2 Qe5 37. Qd4 Qe6 38. c4 e3 39. Re2 Re8 40. Qd5 Qe7 41. Qd4 Qe6 42. c5 Qe7 43. b4 Qe6 44. Qd6 Qe4 45. Qd1 Re7 46. Qb3 Qd4 47. a3 Qa1+ 48. Kh2 Qe5+ 49. Kg1 Qa1+ 50. Kh2 Qe5+ 51. Kg1 1/2-1/2

[Event "GER-ch U16 Girls"]
[Site "Oberhof"]
[Date "2012.05.29"]
[Round "4"]
[White "Berger, Nadja"]
[Black "Osmanodja, Filiz"]
[Result "0-1"]
[WhiteElo "1837"]
[BlackElo "2211"]
[PlyCount "70"]
[EventDate "2012.05.27"]
[EventType "swiss"]
[EventRounds "9"]
[EventCountry "GER"]
[SourceTitle "CBM 148 Extra"]
[Source "ChessBase"]
[SourceDate "2012.06.22"]
[SourceVersion "1"]
[SourceVersionDate "2012.06.22"]
[SourceQuality "1"]

1. e4 c5 2. Nf3 d6 3. d4 cxd4 4. Nxd4 Nf6 5. Nc3 Nc6 6. Nxc6 bxc6 7. Bc4 e6 8. 0-0 Be7 9. Qf3 0-0 10. Re1 Nd7 11. Bf4 e5 12. Be3 Nb6 13. Bd3 Be6 14. b3 Qd7 15. h3 Rac8 16. Bd2 Bf6 17. Rad1 d5 18. Qg3 Qe7 19. Rf1 Nd7 20. Na4 Bh4 21. Qe3 dxe4 22. Bxe4 f5 23. Bf3 Bd5 24. Nc3 e4 25. Rfe1 Qf6 26. Nxd5 cxd5 27. g3 Qg6 28. Bg2 f4 29. Qd4 fxg3 30. Qxd5+ Kh8 31. fxg3 Nf6 32. Qd4 Bxg3 33. Rf1 Bc7 34. Be3 Qg3 35. Rf2 Bb6 0-1

[Event "GER-ch U16 Girls"]
[Site "Oberhof"]
[Date "2012.05.28"]
[Round "3"]
[White "Kuckling, Hannah"]
[Black "Berger, Nadja"]
[Result "0-1"]
[WhiteElo "1783"]
[BlackElo "1837"]
[PlyCount "74"]
[EventDate "2012.05.27"]
[EventType "swiss"]
[EventRounds "9"]
[EventCountry "GER"]
[SourceTitle "CBM 148 Extra"]
[Source "ChessBase"]
[SourceDate "2012.06.22"]
[SourceVersion "1"]
[SourceVersionDate "2012.06.22"]
[SourceQuality "1"]

1. e4 e5 2. Nf3 Nc6 3. Bb5 Nd4 4. Bc4 Bc5 5. c3 Nxf3+ 6. Qxf3 Qf6 7. Qe2 Qg6 8. 0-0 d6 9. d4 exd4 10. e5 Bg4 11. Qe1 Ne7 12. Bf4 d5 13. Be2 h5 14. Qd2 Bh3 15. Bf3 Nf5 16. Bxd5 Nh4 17. Bg3 Bxg2 18. Bxg2 Nxg2 19. Kxg2 h4 20. cxd4 hxg3 21. hxg3 Qe4+ 22. f3 Qh7 23. Kf2 0-0-0 24. Ke1 Rxd4 25. Qe2 Rd3 26. Qg2 Re3+ 27. Kd1 Rd8+ 28. Kc1 Qd3 29. Nc3 Qc4 30. Kc2 Bb4 31. Rad1 Bxc3 32. Qh3+ Qe6 33. Rxd8+ Kxd8 34. Rd1+ Ke7 35. Qh4+ f6 36. bxc3 Qxa2+ 37. Kc1 Rxc3# 0-1

[Event "GER-chT U18 Girls"]
[Site "Germany"]
[Date "2012.05.06"]
[Round "7.1"]
[White "Berger, Nadja"]
[Black "Krtschil, Anna"]
[Result "1-0"]
[WhiteElo "1837"]
[BlackElo "1524"]
[PlyCount "35"]
[EventDate "2012.05.04"]
[EventType "team-swiss"]
[EventRounds "7"]
[EventCountry "GER"]
[SourceTitle "EXT 2014"]
[Source "ChessBase"]
[SourceDate "2013.11.20"]
[SourceVersion "1"]
[SourceVersionDate "2013.11.20"]
[SourceQuality "1"]
[WhiteTeam "Aschaffenburg FDG (W)"]
[BlackTeam "Bad Langensalza (W)"]
[WhiteTeamCountry "GER"]
[BlackTeamCountry "GER"]

1. c4 c5 2. Nc3 Nc6 3. g3 g6 4. Bg2 Bg7 5. d3 d6 6. Nf3 Nf6 7. Bg5 e6 8. Qc1 Rb8 9. Bh6 0-0 10. h4 a6 11. h5 Nxh5 12. Bxg7 Kxg7 13. g4 Nf6 14. Qh6+ Kg8 15. Ng5 Re8 16. Nce4 d5 17. Nxh7 dxe4 18. Ng5 1-0

[Event "GER-chT U18 Girls"]
[Site "Germany"]
[Date "2012.05.04"]
[Round "3.1"]
[White "Berger, Nadja"]
[Black "Evers, Annika"]
[Result "1-0"]
[WhiteElo "1837"]
[BlackElo "1774"]
[PlyCount "120"]
[EventDate "2012.05.04"]
[EventType "team-swiss"]
[EventRounds "7"]
[EventCountry "GER"]
[SourceTitle "EXT 2014"]
[Source "ChessBase"]
[SourceDate "2013.11.20"]
[SourceVersion "1"]
[SourceVersionDate "2013.11.20"]
[SourceQuality "1"]
[WhiteTeam "Aschaffenburg FDG (W)"]
[BlackTeam "Stade Athenaeum (W)"]
[WhiteTeamCountry "GER"]
[BlackTeamCountry "GER"]

1. c4 c5 2. Nc3 Nc6 3. g3 g6 4. Bg2 Bg7 5. d3 e6 6. Nf3 Nge7 7. a3 Rb8 8. Rb1 a6 9. Ne4 d6 10. 0-0 b5 11. cxb5 axb5 12. b4 cxb4 13. axb4 Nd5 14. Bd2 f5 15. Neg5 Nc3 16. Bxc3 Bxc3 17. Qc2 Nd4 18. Nxd4 Bxd4 19. Bc6+ Kf8 20. Qd2 Bf6 21. Nf3 Bd7 22. Rfc1 Kf7 23. Qe3 Bxc6 24. Rxc6 Qd7 25. Ra6 Ra8 26. Ra5 Bc3 27. d4 Rxa5 28. bxa5 Bxa5 29. d5 e5 30. Ra1 Ra8 31. Ng5+ Kg8 32. Ne6 Qb7 33. Qh6 Qf7 34. Qg5 Qe8 35. Qh6 Qf7 36. Qd2 Qa7 37. Qg5 Qd7 38. Qf6 Qf7 39. Rxa5 Qxf6 40. Rxa8+ Kf7 41. Rf8+ Ke7 42. Rxf6 Kxf6 43. Nc7 b4 44. Nb5 e4 45. Nd4 Ke5 46. Nc6+ Kxd5 47. Nxb4+ Kc4 48. Na6 d5 49. Kf1 d4 50. Ke1 g5 51. Nc7 d3 52. exd3+ exd3 53. Kd2 Kd4 54. Ne6+ Ke4 55. Nxg5+ Kd4 56. Nxh7 Ke5 57. Kxd3 f4 58. Ke2 Ke4 59. Ng5+ Kf5 60. h4 Kg4 1-0

[Event "Forchheim op 10th"]
[Site "Forchheim"]
[Date "2011.10.09"]
[Round "5"]
[White "Boudkeev, Timour"]
[Black "Berger, Nadja"]
[Result "0-1"]
[WhiteElo "1874"]
[BlackElo "1729"]
[PlyCount "46"]
[EventDate "2011.10.07"]
[EventType "swiss"]
[EventRounds "5"]
[EventCountry "GER"]
[SourceTitle "CBM 144 Extra"]
[Source "ChessBase"]
[SourceDate "2011.10.28"]
[SourceVersion "1"]
[SourceVersionDate "2011.10.28"]
[SourceQuality "1"]

1. d4 d5 2. c4 c6 3. e3 Nf6 4. Nc3 e6 5. Nf3 Nbd7 6. cxd5 exd5 7. Be2 Bd6 8. 0-0 0-0 9. Qc2 Re8 10. b3 Ne4 11. Nxe4 dxe4 12. Nd2 Nf6 13. Nc4 Bc7 14. f4 Nd5 15. Bd2 Qe7 16. Ne5 f6 17. Ng4 Bd6 18. Nf2 Bf5 19. Nd1 Rac8 20. Nc3 Bb4 21. Bc4 Kh8 22. a3 Bxc3 23. Bxd5 Bxd2 0-1

[Event "Karl Mala Memorial op 14th"]
[Site "Frankfurt"]
[Date "2011.07.10"]
[Round "7"]
[White "Berger, Nadja"]
[Black "Haftmann, Rainer"]
[Result "0-1"]
[WhiteElo "1730"]
[BlackElo "1934"]
[PlyCount "100"]
[EventDate "2011.07.07"]
[EventType "swiss"]
[EventRounds "7"]
[EventCountry "GER"]
[SourceTitle "EXT 2012"]
[Source "ChessBase"]
[SourceDate "2011.11.24"]
[SourceVersion "1"]
[SourceVersionDate "2011.11.24"]
[SourceQuality "1"]

1. e4 e5 2. Bc4 Nc6 3. d3 Nf6 4. Bb3 d5 5. Nd2 Bc5 6. Ngf3 Bg4 7. c3 dxe4 8. dxe4 0-0 9. h3 Bh5 10. Qe2 Qd7 11. Nf1 Rad8 12. Bc2 Bg6 13. Ng3 Nh5 14. Nxh5 Bxh5 15. Nxe5 Nxe5 16. Qxh5 f5 17. 0-0 g6 18. Qe2 f4 19. Rd1 f3 20. Qd2 Qe7 21. Qg5 Rxd1+ 22. Bxd1 Qxg5 23. Bxg5 fxg2 24. Be3 Bxe3 25. fxe3 Nd3 26. Bc2 Rf1+ 27. Rxf1 gxf1Q+ 28. Kxf1 Nxb2 29. Bb3+ Kg7 30. Ke2 b5 31. Kd2 Kf6 32. Bd5 h6 33. Bc6 Nc4+ 34. Ke2 Nd6 35. Kf3 Ke5 36. Bd5 c5 37. Bc6 a5 38. Bd5 b4 39. cxb4 axb4 40. Bc6 c4 41. Bd5 c3 42. Bb3 g5 43. Bc2 Nc4 44. Ke2 Na3 45. Bd3 h5 46. Kd1 g4 47. hxg4 hxg4 48. Be2 g3 49. Bf3 Nc4 50. Kc1 Nxe3 0-1

[Event "Karl Mala Memorial op 14th"]
[Site "Frankfurt"]
[Date "2011.07.08"]
[Round "2"]
[White "Nabavi, Parwis"]
[Black "Berger, Nadja"]
[Result "1-0"]
[WhiteElo "2202"]
[BlackElo "1730"]
[PlyCount "45"]
[EventDate "2011.07.07"]
[EventType "swiss"]
[EventRounds "7"]
[EventCountry "GER"]
[SourceTitle "EXT 2012"]
[Source "ChessBase"]
[SourceDate "2011.11.24"]
[SourceVersion "1"]
[SourceVersionDate "2011.11.24"]
[SourceQuality "1"]

1. d4 d5 2. c4 c6 3. Nf3 Nf6 4. Nc3 e6 5. Bg5 Be7 6. e3 Nbd7 7. Bd3 dxc4 8. Bxc4 Nb6 9. Bb3 Nbd5 10. 0-0 0-0 11. Qe2 Qc7 12. Rac1 Re8 13. Rfd1 a5 14. e4 Nxc3 15. Rxc3 Qd7 16. Ne5 Qd8 17. Rh3 h6 18. Bxh6 gxh6 19. Rg3+ Kf8 20. Qf3 a4 21. Qf4 Bb4 22. Qxh6+ Ke7 23. Rf3 1-0